Advanced Trauma Life support Program for Physicians: (Record no. 1474)

MARC details
000 -LEADER
fixed length control field 01249nam a2200349 a 4500
001 - CONTROL NUMBER
control field 2536173
003 - CONTROL NUMBER IDENTIFIER
control field OSt
005 - DATE AND TIME OF LATEST TRANSACTION
control field 20210302094546.0
008 - FIXED-LENGTH DATA ELEMENTS--GENERAL INFORMATION
fixed length control field 931202s1993 ilua b 000 0 eng
010 ## - LIBRARY OF CONGRESS CONTROL NUMBER
LC control number 93238031
Canceled/invalid LC control number 93238803
020 ## - INTERNATIONAL STANDARD BOOK NUMBER
International Standard Book Number 1880696002 (v. 1)
020 ## - INTERNATIONAL STANDARD BOOK NUMBER
International Standard Book Number 1880696010 (v. 2)
040 ## - CATALOGING SOURCE
Original cataloging agency DLC
Transcribing agency DLC
050 00 - LIBRARY OF CONGRESS CALL NUMBER
Classification number RD93
Item number .A37 1993
082 00 - DEWEY DECIMAL CLASSIFICATION NUMBER
Classification number WO 700 A27a 1995
Edition number 20
100 ## - MAIN ENTRY--PERSONAL NAME
Personal name Alexander, Raymond H.; Proctor, Herbert J.
9 (RLIN) 13921
245 00 - TITLE STATEMENT
Title Advanced Trauma Life support Program for Physicians:
Remainder of title ATLS
250 ## - EDITION STATEMENT
Edition statement 5th ed.
260 ## - PUBLICATION, DISTRIBUTION, ETC. (IMPRINT)
Place of publication, distribution, etc. Chicago;
Name of publisher, distributor, etc. American College of Surgeons,
Date of publication, distribution, etc. c1993.
300 ## - PHYSICAL DESCRIPTION
Extent 2 v. :
Other physical details ill. ;
Dimensions 28 cm.
500 ## - GENERAL NOTE
General note "Committee on Trauma, American College of Surgeons"--Cover.
500 ## - GENERAL NOTE
General note Vol. 2 has title: Advanced trauma life support course for physicians.
504 ## - BIBLIOGRAPHY, ETC. NOTE
Bibliography, etc Includes bibliographical references.
505 0# - FORMATTED CONTENTS NOTE
Formatted contents note [1] Instructor manual -- [2] Student manual.
650 #0 - SUBJECT ADDED ENTRY--TOPICAL TERM
Topical term or geographic name as entry element Surgery
9 (RLIN) 3887
650 #0 - SUBJECT ADDED ENTRY--TOPICAL TERM
Topical term or geographic name as entry element Trauma
9 (RLIN) 3888
740 0# - ADDED ENTRY--UNCONTROLLED RELATED/ANALYTICAL TITLE
Uncontrolled related/analytical title ATLS.
740 0# - ADDED ENTRY--UNCONTROLLED RELATED/ANALYTICAL TITLE
Uncontrolled related/analytical title Advanced trauma life support course for physicians.
906 ## - LOCAL DATA ELEMENT F, LDF (RLIN)
a 7
b cbc
c orignew
d 2
e ncip
f 19
g y-gencatlg
942 ## - ADDED ENTRY ELEMENTS (KOHA)
Source of classification or shelving scheme Other/Generic Classification Scheme
Koha item type Short Loan
Holdings
Withdrawn status Lost status Source of classification or shelving scheme Damaged status Not for loan Home library Current library Date acquired Source of acquisition Inventory number Total Checkouts Full call number Barcode Date last seen Koha item type
    Other/Generic Classification Scheme     MUST Main Library MUST Main Library 15/04/2015 Donation 01/16641   WO700 A27a 1995 2015-0993 15/04/2015 Short Loan